| 000 | 00537nam a2200169Ia 4500 | ||
|---|---|---|---|
| 008 | 220216s9999 xx 000 0 und d | ||
| 100 | _aEguavoen I | ||
| 245 | 0 | _aRubber-based Agroforestry systems: Prospectus for enhancing livelihoods of rubber farmers in Nigeria | |
| 260 | _bIRRDB International Rubber Conference 14-17 December 2011, Chiang | ||
| 650 | _aAgroforestry system | ||
| 650 | _aNigeria | ||
| 650 | _aRubber based farming system | ||
| 650 | _aRubber farmers | ||
| 700 | _aAnegbeh A | ||
| 700 | _aAwah A | ||
| 942 | _cJS | ||
| 999 |
_c68197 _d68197 |
||